000 00804nam a2200253 i 4500
001 bg
100 1 _aGAJOS, Mieczysław
245 1 0 _aSalut ! Ça va ? :
_bkurs języka francuskiego /
_cMieczysław Gajos, Teresa Szumlewicz.
_nT. 1,
_pdla klas I i II szkoły średniej.
250 _aWyd. 4.
260 _aWarszawa :
_bWydawnictwa Szkolne i Pedagogiczne,
_c1997.
300 _a279, [1] s. :
_bfot., pl., rys. ;
_c24 cm.
650 9 _aJęzyk francuski
655 _aPodręczniki szkolne
700 1 _aSZUMLEWICZ, Teresa
020 _a8302053708 (t. 1)
020 _a8302053694 (całość)
040 _cBPK
041 0 _afr
080 _a811.133.1(075.3)
920 _a83-02-05370-8 (t. 1)
920 _a83-02-05369-4 (całość)
942 _cKS
008 s pl f |000 0 pol
999 _c31773
_d31773
856 _uhttp://koha.tu.koszalin.pl/cgi-bin/koha/opac-detail.pl?biblionumber=31773
_yKatalog online BPK